[Event "FIDE World Cup (Women)"]
[Site "Baku"]
[Date "2023.07.31"]
[Round "1.2"]
[White "Yakubbaeva, Nilufar"]
[Black "Repkova, Eva"]
[Result "0-1"]
[WhiteElo "2311"]
[BlackElo "2312"]
[PlyCount "112"]
[EventDate "2023.07.30"]
[EventType "k.o."]
[EventRounds "7"]
[EventCountry "AZE"]
[SourceTitle "EXT 2024"]
[Source "ChessBase"]
[SourceDate "2023.10.10"]
[SourceVersion "1"]
[SourceVersionDate "2023.10.10"]
[SourceQuality "1"]

1. d4 d5 2. c4 e6 3. Nf3 Nf6 4. Nc3 a6 5. cxd5 exd5 6. Bg5 Be7 7. e3 h6 8. Bh4 c6 9. Qc2 0-0 10. h3 Re8 11. Bd3 Nbd7 12. 0-0 Ne4 13. Bxe7 Qxe7 14. Rae1 Ndf6 15. Ne5 Nd6 16. f3 c5 17. b3 b5 18. dxc5 Qxe5 19. cxd6 Bd7 20. f4 Qxd6 21. Qf2 Qc5 22. Nb1 Re7 23. Re2 Rae8 24. Rfe1 b4 25. Bxa6 Bf5 26. e4 Qxf2+ 27. Kxf2 Rxe4 28. Rxe4 Nxe4+ 29. Kg1 Ra8 30. Bb7 Rxa2 31. g4 Be6 32. f5 Bd7 33. Bxd5 Nf6 34. Bc4 Bc6 35. Rd1 Kf8 36. Bf1 Bf3 37. Rd4 Ne4 38. Rd3 Be2 39. Bxe2 Rxe2 40. Rd4 Re1+ 41. Kg2 Rxb1 42. Rxe4 Rxb3 43. h4 Rb2+ 44. Kg3 Rb1 45. Kg2 b3 46. Rb4 Ke7 47. g5 hxg5 48. hxg5 Kd6 49. g6 f6 50. Rb7 b2 51. Rb5 Kc6 52. Rb3 Kd5 53. Rb7 Ke5 54. Rb5+ Kf4 55. Kh2 Kg5 56. Kg2 Rc1 0-1

[Event "TUR-chT"]
[Site "Ankara"]
[Date "2023.07.16"]
[Round "7.5"]
[White "Yakubbaeva, Nilufar"]
[Black "Caglar, Sila"]
[Result "1/2-1/2"]
[WhiteElo "2311"]
[BlackElo "2235"]
[PlyCount "98"]
[EventDate "2023.07.10"]
[EventType "team-tourn"]
[EventRounds "11"]
[EventCountry "TUR"]
[SourceTitle "EXT 2024"]
[Source "ChessBase"]
[SourceDate "2023.10.10"]
[SourceVersion "1"]
[SourceVersionDate "2023.10.10"]
[SourceQuality "1"]
[WhiteTeam "Burhaniye"]
[BlackTeam "Hukukcu Fenerbahceliler"]
[WhiteTeamCountry "TUN"]
[BlackTeamCountry "TUR"]

1. d4 d5 2. c4 e6 3. Nc3 Nf6 4. cxd5 exd5 5. Bg5 Be7 6. e3 c6 7. Bd3 Na6 8. Nf3 0-0 9. Ne5 Nc7 10. 0-0 Ne6 11. Bh4 c5 12. f4 cxd4 13. exd4 Qb6 14. Kh1 Qxd4 15. Qf3 g6 16. Rad1 Qc5 17. Bxf6 Bxf6 18. Nxd5 Bg7 19. b4 Qd6 20. Bxg6 fxg6 21. Nf6+ Bxf6 22. Rxd6 Bxe5 23. Rxe6 Bxe6 24. Qe2 Rae8 25. fxe5 Rxf1+ 26. Qxf1 Bxa2 27. Qa1 Bf7 28. h4 a6 29. Kh2 Be6 30. Qd4 Bf7 31. Kg3 Re6 32. Kf4 Kg7 33. g4 b5 34. Qd7 h6 35. h5 Kf8 36. Qc8+ Kg7 37. Ke4 Rb6 38. Qc3 Re6 39. hxg6 Kxg6 40. Qc8 Kg7 41. Kf5 Rg6 42. Qd7 Rg5+ 43. Kf4 Rg6 44. Qa7 Kg8 45. Kf5 Kg7 46. Qc7 Rg5+ 47. Kf4 Rg6 48. Qc8 Kh7 49. Qd7 Kg7 1/2-1/2

[Event "Agzamov Memorial 16th"]
[Site "Tashkent"]
[Date "2023.04.10"]
[Round "8"]
[White "Yakubbaeva, Nilufar"]
[Black "Madaminov, Mukhiddin"]
[Result "0-1"]
[WhiteElo "2362"]
[BlackElo "2436"]
[PlyCount "138"]
[EventDate "2023.04.05"]
[EventType "swiss"]
[EventRounds "10"]
[EventCountry "UZB"]
[SourceTitle "CBM 213 Extra"]
[Source "ChessBase"]
[SourceDate "2023.05.31"]
[SourceVersion "1"]
[SourceVersionDate "2023.05.31"]
[SourceQuality "1"]

1. e4 e5 2. Nf3 Nf6 3. Nc3 Nc6 4. d4 exd4 5. Nxd4 Bb4 6. Nxc6 bxc6 7. Bd3 d5 8. exd5 0-0 9. 0-0 cxd5 10. Bg5 c6 11. h3 h6 12. Bf4 Bd6 13. Qf3 Rb8 14. b3 Rb4 15. Ne2 Bxf4 16. Nxf4 Qd6 17. Nh5 Nxh5 18. Qxh5 Be6 19. Rfe1 c5 20. Qe5 Rd8 21. Qxd6 Rxd6 22. Rad1 g5 23. f3 Kg7 24. Kf2 Kf6 25. Re2 a5 26. Red2 Rc6 27. c3 Rb8 28. g4 a4 29. bxa4 c4 30. Rb1 Rxb1 31. Bxb1 Ra6 32. Bc2 Ke5 33. Re2+ Kd6 34. Ke3 Kc5 35. f4 Bd7 36. fxg5 hxg5 37. Rf2 Bxa4 38. Bxa4 Rxa4 39. Rxf7 Rxa2 40. Rc7+ Kd6 41. Rc8 Rc2 42. Rd8+ Kc6 43. Kd4 Rd2+ 44. Ke5 Re2+ 45. Kf5 Re3 46. Kxg5 Rxh3 47. Kf4 Rxc3 48. g5 Rc1 49. Ke5 Rg1 50. Rd6+ Kc7 51. Ra6 Rxg5+ 52. Kd4 Kd7 53. Rf6 Ke7 54. Ra6 Kf7 55. Rb6 Rg6 56. Rb7+ Ke6 57. Rb6+ Kf5 58. Rb1 Rd6 59. Rf1+ Ke6 60. Re1+ Kd7 61. Ra1 Kc6 62. Ra6+ Kc7 63. Ra1 Kb6 64. Ke5 Kc5 65. Ra5+ Kb4 66. Ra1 Rh6 67. Kxd5 c3 68. Rb1+ Ka3 69. Kc4 c2 0-1

[Event "UZB-ch (Women)"]
[Site "Tashkent"]
[Date "2023.03.10"]
[Round "7"]
[White "Yakubbaeva, Nilufar"]
[Black "Shuvalova, Polina"]
[Result "0-1"]
[WhiteElo "2349"]
[BlackElo "2484"]
[PlyCount "137"]
[EventDate "2023.03.06"]
[EventType "swiss"]
[EventRounds "9"]
[EventCountry "UZB"]
[SourceTitle "CBM 213 Extra"]
[Source "ChessBase"]
[SourceDate "2023.05.31"]
[SourceVersion "1"]
[SourceVersionDate "2023.05.31"]
[SourceQuality "1"]

1. d4 Nf6 2. Bf4 d5 3. e3 c5 4. Nf3 Nc6 5. c3 Nh5 6. Bg3 Nxg3 7. hxg3 cxd4 8. exd4 g6 9. Bd3 Bg7 10. Nbd2 0-0 11. 0-0 Rb8 12. a4 Bg4 13. Re1 Qd6 14. Nf1 Rbd8 15. Be2 Bc8 16. Ne3 Kh8 17. Qd3 f6 18. Rad1 Be6 19. b3 Bg8 20. c4 dxc4 21. bxc4 e6 22. Qb1 b6 23. Rd2 f5 24. Red1 Rfe8 25. d5 exd5 26. cxd5 Nb4 27. Bc4 Qc5 28. Rc1 Rc8 29. d6 Rxe3 30. d7 Rd8 31. fxe3 Bxc4 32. Rd4 b5 33. axb5 Bxd4 34. exd4 Qxb5 35. Ne5 Be6 36. Nc6 Rxd7 37. Nxb4 Qb6 38. Kh2 Qxd4 39. Rc8+ Kg7 40. Qe1 Bf7 41. Nc6 Qf6 42. Qb4 Bd5 43. Nb8 Re7 44. Qa5 Bb7 45. Rd8 f4 46. Qa3 g5 47. Nd7 fxg3+ 48. Qxg3 Qf4 49. Nc5 Qxg3+ 50. Kxg3 Kf6 51. Rd6+ Ke5 52. Rd2 Bd5 53. Nd3+ Kf5 54. Nb4 Be4 55. Rf2+ Kg6 56. Re2 Re6 57. Nd3 Bf5 58. Ne5+ Kg7 59. Kf3 h5 60. Re3 Re7 61. Nc6 Rxe3+ 62. Kxe3 a6 63. Kd4 Kf6 64. g3 Bd7 65. Nb4 a5 66. Nd5+ Ke6 67. Ne3 a4 68. Nc4 Bb5 69. Ne5 0-1